[Event "St Chely d'Aubrac op 4th"]
[Site "St Chely d'Aubrac"]
[Date "2004.07.19"]
[Round "4"]
[White "Croux, Laurent"]
[Black "Coste, Thierry"]
[Result "0-1"]
[WhiteElo "1770"]
[BlackElo "2149"]
[PlyCount "52"]
[EventDate "2004.07.17"]
[EventType "swiss"]
[EventRounds "9"]
[EventCountry "FRA"]
[SourceTitle "CBM 101 Extra"]
[Source "ChessBase"]
[SourceDate "2004.09.01"]
[SourceVersion "2"]
[SourceVersionDate "2004.09.01"]
[SourceQuality "1"]

1. e4 c5 2. d4 cxd4 3. c3 dxc3 4. Nxc3 Nc6 5. Nf3 e6 6. Bc4 Qc7 7. 0-0 Nf6 8. Re1 Bb4 9. Bg5 Bxc3 10. bxc3 Ng4 11. g3 f6 12. Bf4 Nge5 13. Nxe5 Nxe5 14. Bb3 0-0 15. g4 b6 16. Re3 Bb7 17. Qd4 g5 18. Bg3 Rac8 19. Rd1 Rf7 20. h3 Qc5 21. Qa4 Bc6 22. Qa6 Bb5 23. Qb7 d5 24. Rxd5 Rxb7 25. Rxc5 Rxc5 26. Bxe6+ Kg7 0-1